Antología de la poesía romántica francesa / (Record no. 185507)

MARC details
000 -LEADER
campo de control de longitud fija 01186nam a2200265 i 4500
001 - NÚMERO DE CONTROL
campo de control 185507
003 - IDENTIFICADOR DE NÚMERO DE CONTROL
campo de control SpMaBN
005 - FECHA Y HORA DE LA ÚLTIMA TRANSACCIÓN
campo de control 20240408152335.0
008 - DATOS DE LONGITUD FIJA--INFORMACIÓN GENERAL
campo de control de longitud fija 160615s2000 sp ac |||| |dspa d
020 ## - NÚMERO INTERNACIONAL ESTÁNDAR DEL LIBRO
Número Internacional Estándar del Libro 84-376-1837-1
080 ## - NÚMERO DE LA CLASIFICACIÓN DECIMAL UNIVERSAL
Número de la Clasificación Decimal Universal 821.133.1-1"18"(082.2)
245 00 - MENCIÓN DEL TÍTULO
Título Antología de la poesía romántica francesa /
Mención de responsabilidad, etc. edición bilingüe de Rosa de Diego.
260 ## - PUBLICACIÓN, DISTRIBUCIÓN, ETC.
Lugar de publicación, distribución, etc. Madrid :
Nombre del editor, distribuidor, etc. Cátedra,
Fecha de publicación, distribución, etc. [2000]
300 ## - DESCRIPCIÓN FÍSICA
Extensión 744 p. :
Otras características físicas retr. ;
Dimensiones 18 cm.
490 1# - MENCIÓN DE SERIE
Mención de serie Letras universales ;
Designación de volumen o secuencia 301
504 ## - NOTA DE BIBLIOGRAFÍA, ETC.
Nota de bibliografía, etc. Bibliografía: p. 155-161.
505 8# - NOTA DE CONTENIDO CON FORMATO
Nota de contenido con formato Contiene: ;
Título Alphonse de Lamartine /
Mención de responsabilidad traducción de Vicente Bastida. --
Título Alfred de Vigny /
Mención de responsabilidad trad. de Miguel Ángel García Peinado. --
Título Alfred de Musset /
Mención de responsabilidad trad. de Evelio Miñano. --
Título Victor Hugo /
Mención de responsabilidad trad. de Pilar Andrade. --
Título Gérard de Nerval /
Mención de responsabilidad trad. de Javier del Prado
546 ## - NOTA DE IDIOMA
Nota de lengua/lenguaje Textos en francés y traducción en español.
650 #7 - PUNTO DE ACCESO ADICIONAL DE MATERIA--TÉRMINO DE MATERIA
Término de materia o nombre geográfico como elemento de entrada Poesía francesa-
Subdivisión cronológica S.XIX
Fuente del encabezamiento o término
9 (RLIN) 140650
650 #4 - PUNTO DE ACCESO ADICIONAL DE MATERIA--TÉRMINO DE MATERIA
Término de materia o nombre geográfico como elemento de entrada Romanticismo (Literatura)-
Subdivisión geográfica Francia.
9 (RLIN) 154617
700 1# - ENTRADA AGREGADA--NOMBRE PERSONAL
Nombre de persona Diego, Rosa de.
9 (RLIN) 44552
830 0# - PUNTO DE ACCESO ADICIONAL DE SERIE-TÍTULO UNIFORME
Título uniforme Letras universales ;
Designación de volumen o secuencia 301
9 (RLIN) 178013
852 ## - LOCALIZACIÓN
Ubicación ES-MaACL
Número de control de estantería L-30396
Nota libre . - Donat. Miguel A. Velasco
Holdings
Estatus retirado Estado de pérdida Estado de daño No para préstamo Biblioteca de origen Biblioteca actual Ubicación en estantería Fecha de adquisición Fuente de adquisición Total de préstamos Signatura topográfica completa Código de barras Visto por última vez Precio de reemplazo Tipo de ítem Koha
        Biblioteca del Ateneo de Madrid Biblioteca del Ateneo de Madrid Depósito 2 15/06/2016     L-30396 1195454 23/02/2023 23/02/2023 Libro impreso